Speculative financing - necessity or danger?

Enregistré dans:
Détails bibliographiques
Auteur principal: Drutarovská, Jana, 1989-
Format: Chapitre de livre
Langue:anglais
Tags: Ajouter un tag
Pas de tags, Soyez le premier à ajouter un tag!

MARC

LEADER 00000naa$a2200000$$$4500
001 0184211
005 20240502083434.9
041 0 |a eng 
044 |a HU 
245 1 0 |a Speculative financing - necessity or danger?  |c Jana Drutarovská 
100 1 |a Drutarovská, Jana, 1989-